00490nam a22001457a 4500003000500000038001800005082000800023100001900031245010500050264003400155300002500189650003300214700003900247856005800286NUST aNusrat Nadeem a200 aRasool, Maryam aDesign and Analysis of Smart Microstrip Patch Antennas for 4G and 5G Communication/cMaryam Rasool,  aRawalpindi;bMCS NUST;c2022. a119,p;bill;c30,cm. aPh.D-Electrical Engineering  aSupervisor:Dr. Farooq Ahmed Bhatti u http://10.250.8.41:8080/xmlui/handle/123456789/31250